000 00564nam a2200181Ia 4500
008 180921t1999 xxu||||| |||| 00| 0 sin d
041 _asin
080 _a624.131
_bDAR
100 _aDarmaradhana, Gamini
245 _aගුවන් ඡායාරුප විවරණයේ මුලධර්ම හා පස
246 _aGuvan chaayaarupa vivaranaye muladharma haa pasa
260 _bM.D.Gunasena
_aColombo
_c1999
300 _a215p.,80pl., ill., 22 cm
650 _aSoil
942 _cBK
999 _c15229
_d15229
003 LK-CoDNM
040 _aLK-CoDNM
_dLK-CoDNM
_eLK-CoDNM